00303nam a2200121Ia 45000030006000000080041000060400015000471000041000622450040001032600009001435460012001520050017001640STCL150530s9999 xx 000 0 und d aSTCLcSTCL aRam Joshi; Maina Pinto; Louis DSilva aIndian Constitution and its working c1977 aEnglish20220125165718.0